[Event "World Rapid 2015"]
[Site "Berlin GER"]
[Date "2015.10.11"]
[Round "10.55"]
[White "Hasangatin, Ramil"]
[Black "Zhang, Zhong"]
[Result "0-1"]
[WhiteElo "2509"]
[BlackElo "2619"]
[PlyCount "158"]
[EventDate "2015.10.10"]
[EventType "rapid"]

1. e4 c5 2. Nf3 e6 3. g3 Nc6 4. Bg2 d6 5. O-O Nf6 6. Re1 Bd7 7. c3 Be7 8. d4
cxd4 9. cxd4 d5 10. exd5 exd5 11. Ne5 O-O 12. Nxd7 Qxd7 13. Nc3 h6 14. Be3 Rfe8
15. Qd3 Bb4 16. Rec1 Rac8 17. Qb5 a6 18. Qa4 Bxc3 19. bxc3 Qf5 20. Qc2 Nxd4 21.
Qxf5 Nxf5 22. Bh3 g6 23. Bxf5 gxf5 24. Rab1 b5 25. a4 bxa4 26. Rb4 Ne4 27. Bd4
Nc5 28. Ra1 Re6 29. Ra3 Nd3 30. Rbxa4 Rcc6 31. Ra5 Rcd6 32. Rb3 Kh7 33. Rb8 f6
34. Kg2 f4 35. Kf3 fxg3 36. hxg3 Ne5+ 37. Kg2 Nd7 38. Rd8 Kg6 39. Ra1 Ne5 40.
Rg8+ Kh7 41. Ra8 Nf7 42. Rb1 Rd7 43. Rbb8 h5 44. Rf8 Kg6 45. Rg8+ Kf5 46. Rgf8
Ng5 47. Rh8 Rh7 48. Rhd8 Ke4 49. Rf8 Rf7 50. Rxf7 Nxf7 51. Rf8 Ne5 52. Rh8 a5
53. Rxh5 Nf3 54. Rh8 Nxd4 55. Rh4+ Kd3 56. Rxd4+ Kxc3 57. Rxd5 Ra6 58. Kf3 a4
59. Rc5+ Kb3 60. Rc1 Kb2 61. Re1 a3 62. Re2+ Kc3 63. Re3+ Kd2 64. Re2+ Kc3 65.
Re3+ Kd4 66. Re4+ Kd5 67. Re1 a2 68. Ra1 Kc4 69. Kg4 Ra5 70. f4 Kb3 71. Kh4 Kb2
72. Rxa2+ Kxa2 73. g4 Ra4 74. f5 Ra8 75. g5 Rh8+ 76. Kg4 Rg8 77. g6 Kb3 78. Kh5
Rh8+ 79. Kg4 Kc4 0-1

[Event "World Rapid 2015"]
[Site "Berlin GER"]
[Date "2015.10.11"]
[Round "10.56"]
[White "Bluebaum, Matthias"]
[Black "Al-Sayed, Mohammed"]
[Result "0-1"]
[WhiteElo "2588"]
[BlackElo "2520"]
[PlyCount "80"]
[EventDate "2015.10.10"]
[EventType "rapid"]

1. d4 Nf6 2. c4 g6 3. Nc3 Bg7 4. e4 d6 5. Nf3 O-O 6. Be2 e5 7. Be3 Ng4 8. Bg5
f6 9. Bh4 Nc6 10. d5 Ne7 11. Nd2 Nh6 12. f3 c5 13. dxc6 bxc6 14. b4 Be6 15. Bf2
d5 16. cxd5 cxd5 17. Nb3 d4 18. Na4 Kh8 19. Nbc5 Bf7 20. O-O g5 21. Qc2 Ng6 22.
Bc4 g4 23. Bxf7 Rxf7 24. Nd3 gxf3 25. gxf3 f5 26. Bg3 Qg5 27. Kh1 Raf8 28. Qg2
fxe4 29. fxe4 Ng4 30. Rxf7 Rxf7 31. Nac5 Qh5 32. Bf2 Bh6 33. Rf1 Nf4 34. Nxf4
Bxf4 35. h3 Rg7 36. Qf3 Nxf2+ 37. Rxf2 Qh4 38. Nd3 Rg3 39. Qe2 Rxh3+ 40. Kg2
Qg3+ 0-1

[Event "World Rapid 2015"]
[Site "Berlin GER"]
[Date "2015.10.11"]
[Round "10.57"]
[White "Papin, Vasily"]
[Black "Bezold, Michael"]
[Result "0-1"]
[WhiteElo "2502"]
[BlackElo "2509"]
[PlyCount "74"]
[EventDate "2015.10.10"]
[EventType "rapid"]

1. c4 c5 2. g3 Nf6 3. Bg2 e6 4. Nf3 a6 5. Nc3 Be7 6. O-O O-O 7. d4 cxd4 8. Nxd4
Qc7 9. Qd3 d6 10. b3 Nbd7 11. Bb2 Ne5 12. Qd2 Bd7 13. Rac1 Rfe8 14. f4 Ng6 15.
h3 Rac8 16. Kh2 Qb8 17. a4 Qc7 18. Ba3 Qb6 19. e4 Bf8 20. Rb1 e5 21. Nde2 exf4
22. gxf4 Bc6 23. Ng3 h5 24. Nd5 Bxd5 25. exd5 h4 26. Nf5 Ne4 27. Qc2 Ng3 28.
Nxg3 hxg3+ 29. Kxg3 Re3+ 30. Kh2 Rce8 31. Qf2 Qa5 32. Rb2 Qc3 33. Qc2 Qxc2 34.
Rxc2 Rxb3 35. Rf3 Rxf3 36. Bxf3 Re3 37. c5 dxc5 0-1

[Event "World Rapid 2015"]
[Site "Berlin GER"]
[Date "2015.10.11"]
[Round "10.58"]
[White "Eljanov, Pavel"]
[Black "Sethuraman, S.P."]
[Result "1-0"]
[WhiteElo "2717"]
[BlackElo "2640"]
[PlyCount "83"]
[EventDate "2015.10.10"]
[EventType "rapid"]

1. d4 d5 2. Nf3 Nf6 3. c4 e6 4. g3 dxc4 5. Bg2 a6 6. O-O Nc6 7. Be3 Nd5 8. Bg5
Be7 9. Bxe7 Ndxe7 10. e3 O-O 11. Nbd2 b5 12. b3 c3 13. Ne4 Nd5 14. a3 f5 15.
Nc5 a5 16. h4 Rb8 17. Re1 h6 18. e4 fxe4 19. Rxe4 b4 20. axb4 Rxb4 21. Nxe6
Bxe6 22. Rxe6 Qd7 23. Re1 Qf5 24. Ra2 Rd8 25. Bf1 Nb6 26. Re3 Nd5 27. Re1 Qf7
28. Ne5 Qf6 29. Bc4 Rxc4 30. bxc4 Ndb4 31. Nxc6 Qxc6 32. Rxa5 Qxc4 33. Qg4 Qf7
34. Re2 Re8 35. Rf5 Qd7 36. Rxe8+ Qxe8 37. Re5 Qf7 38. Qe4 c2 39. Re8+ Qxe8 40.
Qxe8+ Kh7 41. Qe3 Kg8 42. Qc3 1-0

[Event "World Rapid 2015"]
[Site "Berlin GER"]
[Date "2015.10.11"]
[Round "10.59"]
[White "Ghaem Maghami, Ehsan"]
[Black "Wagner, Dennis"]
[Result "1/2-1/2"]
[WhiteElo "2596"]
[BlackElo "2575"]
[PlyCount "90"]
[EventDate "2015.10.10"]
[EventType "rapid"]

1. c4 c5 2. Nf3 Nf6 3. Nc3 d5 4. cxd5 Nxd5 5. e4 Nb4 6. Bb5+ N8c6 7. d4 cxd4 8.
a3 dxc3 9. axb4 Qxd1+ 10. Kxd1 cxb2 11. Bxb2 Bd7 12. Ke2 f6 13. Rhd1 e5 14. Bc3
g5 15. Ke1 O-O-O 16. Rdb1 a6 17. Bc4 Na7 18. Nxe5 fxe5 19. Bxe5 Nc6 20. Bxh8
Bxb4+ 21. Rxb4 Nxb4 22. Rb1 Nc2+ 23. Kd2 Bc6+ 24. Bd5 Bxd5 25. exd5 Rxh8 26.
Kxc2 Kc7 27. Kd3 b5 28. Rc1+ Kd6 29. Kd4 Ra8 30. Rc6+ Kd7 31. Rb6 Rf8 32. f3 b4
33. Rxa6 Rb8 34. Kc5 b3 35. Ra7+ Kd8 36. Ra1 b2 37. Rb1 Kd7 38. Kc4 Kd6 39. g3
Ke5 40. f4+ gxf4 41. gxf4+ Kxf4 42. Kd4 Kf5 43. Rf1+ Kg6 44. Rb1 Kf6 45. h4 h5
1/2-1/2

[Event "World Rapid 2015"]
[Site "Berlin GER"]
[Date "2015.10.11"]
[Round "10.60"]
[White "Krnan, Tomas"]
[Black "Guliyev, Namig"]
[Result "1-0"]
[WhiteElo "2440"]
[BlackElo "2579"]
[PlyCount "93"]
[EventDate "2015.10.10"]
[EventType "rapid"]

1. e4 c5 2. Nf3 d6 3. Bb5+ Nd7 4. d4 cxd4 5. Qxd4 a6 6. Be2 Ngf6 7. Nc3 g6 8.
O-O Bg7 9. Rd1 O-O 10. e5 dxe5 11. Qh4 Qc7 12. Bh6 Re8 13. Ng5 Bh8 14. Bf3 Rb8
15. Rd2 b5 16. Rad1 b4 17. Nd5 Nxd5 18. Bxd5 e6 19. Bg7 Bxg7 20. Bxe6 Rxe6 21.
Qxh7+ Kf8 22. Nxe6+ fxe6 23. Qxg6 Qd8 24. Rd3 Qe7 25. h4 Qf7 26. Rf3 Nf6 27.
Rd8+ Ke7 28. Qd3 Nd5 29. Rxf7+ Kxf7 30. h5 Ke7 31. Rg8 Bf6 32. h6 e4 33. Qxe4
Bxb2 34. h7 Kd6 35. h8=Q Bxh8 36. Rxh8 Ra8 37. Qc4 Bb7 38. Rxa8 Bxa8 39. Qxa6+
Bc6 40. a3 bxa3 41. Qxa3+ Kd7 42. c4 Nf6 43. Qa7+ Ke8 44. Qb8+ Kd7 45. c5 Ne4
46. Qa7+ Kd8 47. f3 1-0

[Event "World Rapid 2015"]
[Site "Berlin GER"]
[Date "2015.10.11"]
[Round "10.61"]
[White "Olafsson, Helgi"]
[Black "Carow, Johannes"]
[Result "1-0"]
[WhiteElo "2549"]
[BlackElo "2431"]
[PlyCount "75"]
[EventDate "2015.10.10"]
[EventType "rapid"]

1. d4 Nf6 2. c4 g6 3. Nc3 d5 4. Nf3 Bg7 5. cxd5 Nxd5 6. Qb3 Nxc3 7. bxc3 O-O 8.
Ba3 b6 9. g3 c5 10. Bg2 Nc6 11. Rd1 Na5 12. Qc2 Qc7 13. d5 Bb7 14. c4 Ba6 15.
Nd2 Qe5 16. Rc1 Rad8 17. O-O e6 18. Rfe1 exd5 19. cxd5 f5 20. e4 f4 21. Nf3 Qh5
22. g4 Qxg4 23. Bb2 Bxb2 24. Qxb2 Bc8 25. Rcd1 Qh5 26. e5 Bh3 27. Bxh3 Qxh3 28.
Qe2 g5 29. Nxg5 Qf5 30. Nf3 Kh8 31. Kh1 Rg8 32. e6 Rg7 33. e7 Re8 34. d6 Qd7
35. Ne5 Qb7+ 36. Qe4 Qxe4+ 37. Rxe4 Nb7 38. Nc6 1-0

[Event "World Rapid 2015"]
[Site "Berlin GER"]
[Date "2015.10.11"]
[Round "10.62"]
[White "Stern, Rene"]
[Black "Bruedigam, Martin"]
[Result "1-0"]
[WhiteElo "2538"]
[BlackElo "2375"]
[PlyCount "43"]
[EventDate "2015.10.10"]
[EventType "rapid"]

1. d4 Nf6 2. c4 e6 3. Nf3 Bb4+ 4. Bd2 a5 5. g3 d6 6. Bg2 Nbd7 7. O-O e5 8. Bg5
exd4 9. Nxd4 O-O 10. Qc2 Bc5 11. Rd1 h6 12. Bc1 Ne5 13. b3 Re8 14. Nc3 c6 15.
Bb2 Qe7 16. h3 h5 17. Nf5 Bxf5 18. Qxf5 h4 19. g4 Ng6 20. e3 Rad8 21. Na4 Ne4
22. Qxe4 1-0

[Event "World Rapid 2015"]
[Site "Berlin GER"]
[Date "2015.10.11"]
[Round "10.63"]
[White "Meister, Jakob"]
[Black "Handke, Florian"]
[Result "0-1"]
[WhiteElo "2437"]
[BlackElo "2531"]
[PlyCount "184"]
[EventDate "2015.10.10"]
[EventType "rapid"]

1. d4 Nf6 2. Bf4 g6 3. Nc3 d5 4. Qd2 a6 5. f3 b5 6. e4 dxe4 7. Nxe4 Nxe4 8.
fxe4 Bg7 9. Nf3 Bb7 10. e5 c5 11. a4 cxd4 12. axb5 O-O 13. bxa6 Nxa6 14. Rd1
Nc5 15. Bc4 Bxf3 16. gxf3 Qb6 17. b4 Nd7 18. Qxd4 Qxb4+ 19. Kf2 Ra4 20. Qxd7
Qxc4 21. Bg3 Ra2 22. Rd2 Rxc2 23. Rhd1 Qc5+ 24. Kg2 Rxd2+ 25. Rxd2 Bxe5 26. Rd5
Qc2+ 27. Rd2 Qc3 28. Rd3 Qb2+ 29. Rd2 Qb8 30. Qxe7 Bxg3 31. hxg3 Re8 32. Qf6
Qc7 33. Qd4 h5 34. Kf2 Qc1 35. Rd1 Qc2+ 36. Rd2 Qb1 37. Rd1 Qf5 38. Qd7 Re6 39.
Qc8+ Kg7 40. Qc3+ Kh7 41. Rd8 Rf6 42. Kg2 Qe6 43. Re8 Qa6 44. Re1 Qa2+ 45. Kh3
Qa6 46. Kg2 Qa2+ 47. Kh3 Kg7 48. Qe5 Qf2 49. f4 Qf3 50. Qg5 Rf5 51. Qh4 Qf2 52.
Ra1 Qb2 53. Rd1 Qc2 54. Qd8 Qe2 55. Rg1 Qg4+ 56. Kh2 Qe2+ 57. Rg2 Qg4 58. Qd4+
Kh7 59. Qf2 g5 60. Qe2 gxf4 61. Qxg4 hxg4 62. gxf4 Rxf4 63. Kg3 Ra4 64. Kh4 Kh6
65. Rb2 Kg6 66. Rb8 f6 67. Rb5 Rf4 68. Kg3 Rf5 69. Rb4 Rg5 70. Rb6 Kg7 71. Rb7+
Kh6 72. Rb6 Rg6 73. Rb5 Rg5 74. Rb6 Kg6 75. Ra6 Kg7 76. Ra7+ Kh6 77. Ra6 Rg6
78. Ra5 Kh7 79. Ra7+ Kg8 80. Ra8+ Kf7 81. Ra7+ Ke6 82. Ra6+ Kd5 83. Ra5+ Kc6
84. Ra6+ Kb5 85. Re6 Kc5 86. Ra6 Kd5 87. Ra5+ Ke6 88. Ra6+ Kf7 89. Ra7+ Kf8 90.
Ra8+ Kg7 91. Ra7+ Kh6 92. Ra6 Kg5 0-1

[Event "World Rapid 2015"]
[Site "Berlin GER"]
[Date "2015.10.11"]
[Round "10.64"]
[White "Przybylski, Wojciech"]
[Black "Hjartarson, Johann"]
[Result "0-1"]
[WhiteElo "2354"]
[BlackElo "2529"]
[PlyCount "110"]
[EventDate "2015.10.10"]
[EventType "rapid"]

1. e4 e5 2. Nf3 Nc6 3. Nc3 Nf6 4. d4 exd4 5. Nxd4 Bb4 6. Nxc6 bxc6 7. Bd3 d5 8.
exd5 cxd5 9. O-O O-O 10. h3 c6 11. Qf3 Bd6 12. Bf4 Be6 13. Ne2 c5 14. Rad1 Rb8
15. b3 Re8 16. Bxd6 Qxd6 17. Nf4 Qc7 18. Nxe6 Rxe6 19. c3 Qa5 20. Rd2 g6 21.
Bb1 Rbe8 22. g3 Kg7 23. Kg2 Re1 24. a4 d4 25. Bc2 Rxf1 26. Kxf1 Nd7 27. b4 Qa6+
28. b5 Qe6 29. Kg2 Ne5 30. Qe4 f5 31. Qb7+ Re7 32. Qa8 Nc4 33. Bb3 dxc3 34. Rc2
Ne3+ 35. fxe3 Qxb3 36. Rf2 c2 37. Qd8 c1=Q 38. Qxe7+ Qf7 39. Qe5+ Kh6 40. e4
Qb7 41. Re2 fxe4 42. Kh2 e3 43. Qf4+ Kg7 44. Qe5+ Kf7 45. Qf4+ Kg8 46. Rg2 h5
47. Qf6 Kh7 48. Qf4 Qd1 49. Qxe3 Qdd5 50. Qg1 c4 51. Re2 c3 52. Qe1 Qc5 53. Qd1
h4 54. Qd3 hxg3+ 55. Qxg3 Qbc7 0-1

[Event "World Rapid 2015"]
[Site "Berlin GER"]
[Date "2015.10.11"]
[Round "10.65"]
[White "Tari, Aryan"]
[Black "Berend, Elvira"]
[Result "1-0"]
[WhiteElo "2521"]
[BlackElo "2370"]
[PlyCount "127"]
[EventDate "2015.10.10"]
[EventType "rapid"]

1. c4 Nf6 2. Nc3 g6 3. g3 Bg7 4. Bg2 O-O 5. d4 d6 6. Nf3 Nc6 7. O-O a6 8. Bf4
Rb8 9. Rc1 Bd7 10. Qd2 b5 11. Nd5 bxc4 12. Nxf6+ exf6 13. Rxc4 g5 14. Be3 Ne7
15. d5 Nf5 16. Nd4 Nxe3 17. fxe3 f5 18. b3 Re8 19. Nxf5 Bxf5 20. Rxf5 Re5 21.
Rxe5 Bxe5 22. Qc2 Bg7 23. Rxc7 g4 24. Rc4 Qg5 25. Rc8+ Rxc8 26. Qxc8+ Bf8 27.
Qe8 Qf6 28. Be4 Qa1+ 29. Kf2 Qf6+ 30. Kg2 Qg5 31. Qc8 h5 32. Qxa6 Qxe3 33. Qd3
Qc1 34. Qc2 Qe3 35. Bd3 h4 36. Qc8 h3+ 37. Kf1 Qd4 38. Qc4 Qa1+ 39. Kf2 Bg7 40.
Qc8+ Bf8 41. Qxg4+ Bg7 42. Qc8+ Bf8 43. Qxh3 Qd4+ 44. Kf1 Be7 45. Qc8+ Kg7 46.
Qf5 Bf6 47. Kg2 Qa1 48. a4 Qa2 49. Qg4+ Kf8 50. Qc8+ Kg7 51. Qc4 Qa1 52. Qg4+
Kf8 53. Qc8+ Kg7 54. Qc2 Bd4 55. Qb1 Qa3 56. Bc4 Bb6 57. Qf5 Qc5 58. Bd3 Kf8
59. h4 Kg7 60. h5 Qg1+ 61. Kh3 Qh1+ 62. Kg4 Kf8 63. Qf6 Qxd5 64. h6 1-0

[Event "World Rapid 2015"]
[Site "Berlin GER"]
[Date "2015.10.11"]
[Round "10.66"]
[White "Gutov, Andrey"]
[Black "Vovk, Yuri"]
[Result "0-1"]
[WhiteElo "2384"]
[BlackElo "2617"]
[PlyCount "66"]
[EventDate "2015.10.10"]
[EventType "rapid"]

1. d4 Nf6 2. c4 g6 3. Nc3 d5 4. Bf4 Bg7 5. e3 O-O 6. cxd5 Nxd5 7. Nxd5 Qxd5 8.
Bxc7 Na6 9. Bxa6 Qxg2 10. Qf3 Qxf3 11. Nxf3 bxa6 12. Rc1 Bb7 13. Ke2 f6 14.
Rhd1 Bd5 15. b3 Rf7 16. Ne1 g5 17. Nd3 g4 18. Ke1 Bf3 19. Rd2 Rc8 20. Rdc2 Be4
21. Ke2 e5 22. dxe5 fxe5 23. Rc4 Bd5 24. Rc5 Bf3+ 25. Ke1 Bf8 26. R5c4 e4 27.
Ne5 Rg7 28. Nxf3 gxf3 29. Kd2 Rd7+ 30. Ke1 Ba3 31. R1c2 Rcxc7 32. Rxc7 Bb4+ 33.
R2c3 Ba3 0-1

[Event "World Rapid 2015"]
[Site "Berlin GER"]
[Date "2015.10.11"]
[Round "10.68"]
[White "Carstensen, Jacob"]
[Black "Naumann, Alexander"]
[Result "0-1"]
[WhiteElo "2352"]
[BlackElo "2545"]
[PlyCount "82"]
[EventDate "2015.10.10"]
[EventType "rapid"]

1. d4 d5 2. c4 c6 3. Nf3 Nf6 4. Nc3 e6 5. g3 dxc4 6. Bg2 b5 7. O-O Nbd7 8. a4
b4 9. Nb1 Ba6 10. Re1 Be7 11. e4 O-O 12. Bf1 Rc8 13. b3 c5 14. e5 Ne8 15. Bxc4
Bxc4 16. bxc4 cxd4 17. Qxd4 Nc5 18. Qg4 Qd3 19. Nbd2 Qf5 20. Qxf5 exf5 21. Nd4
g6 22. Re3 Ng7 23. a5 a6 24. Bb2 Rfd8 25. Rc1 Nge6 26. N2b3 Rd7 27. Rc2 Rdc7
28. Nd2 Na4 29. Ba1 Bc5 30. Nxe6 fxe6 31. Rd3 Be7 32. Nb3 Kf7 33. Rd4 Nc5 34.
Nd2 Rb7 35. Bb2 g5 36. Kf1 g4 37. Ke2 Bd8 38. Rd6 Bxa5 39. Bd4 b3 40. Rb2 Bxd2
41. Bxc5 Bc3 0-1

[Event "World Rapid 2015"]
[Site "Berlin GER"]
[Date "2015.10.11"]
[Round "10.69"]
[White "Valdes Romero, Leonardo"]
[Black "Godena, Michele"]
[Result "0-1"]
[WhiteElo "2362"]
[BlackElo "2513"]
[PlyCount "94"]
[EventDate "2015.10.10"]
[EventType "rapid"]

1. c4 e5 2. Nc3 Bb4 3. Nd5 Bc5 4. g3 c6 5. Nc3 Nf6 6. Bg2 O-O 7. d3 d5 8. Nf3
dxc4 9. dxc4 Qxd1+ 10. Nxd1 Re8 11. Be3 Bb4+ 12. Bd2 a5 13. a3 Bf8 14. O-O Nbd7
15. Ne3 Ne4 16. Rfd1 Nxd2 17. Rxd2 Nc5 18. Rad1 f6 19. Rd8 Rxd8 20. Rxd8 Ne6
21. Rd1 a4 22. Nf5 Kf7 23. Nd6+ Bxd6 24. Rxd6 Ke7 25. Rd1 Nc5 26. Ne1 Be6 27.
f4 e4 28. Kf2 f5 29. Nc2 Bxc4 30. Ne3 Be6 31. g4 fxg4 32. Kg3 g6 33. Nxg4 Ra5
34. Ne3 Rb5 35. Rd2 Nb3 36. Rd1 Bf5 37. Kf2 Nc5 38. Rd2 Ne6 39. Nxf5+ gxf5 40.
e3 Rb3 41. Bf1 Nxf4 42. Bc4 Nd3+ 43. Kg3 Rxb2 44. Rd1 Re2 45. Bg8 Rxe3+ 46. Kg2
Nf4+ 47. Kg1 h6 0-1

[Event "World Rapid 2015"]
[Site "Berlin GER"]
[Date "2015.10.11"]
[Round "10.70"]
[White "Stefansson, Hannes"]
[Black "Polzin, Rainer"]
[Result "1-0"]
[WhiteElo "2602"]
[BlackElo "2416"]
[PlyCount "83"]
[EventDate "2015.10.10"]
[EventType "rapid"]

1. d4 Nf6 2. c4 g6 3. Nc3 Bg7 4. e4 d6 5. Nf3 O-O 6. Be2 Na6 7. O-O e5 8. Be3
Ng4 9. Bg5 Qe8 10. h3 Nf6 11. dxe5 dxe5 12. Qd2 Nd7 13. Bh6 c6 14. Bxg7 Kxg7
15. Rad1 Qe7 16. Qd6 Qxd6 17. Rxd6 f6 18. a3 Rf7 19. b4 Nf8 20. Rfd1 Nc7 21. a4
Nfe6 22. a5 c5 23. b5 Nd4 24. Nxd4 cxd4 25. Na4 Ne6 26. c5 Nf4 27. Bc4 Rd7 28.
Rd5 Nxd5 29. exd5 Rd8 30. c6 bxc6 31. dxc6 Bf5 32. Nc5 Rd6 33. g4 Bc8 34. Ne4
Rd8 35. b6 axb6 36. axb6 Ra4 37. c7 Rf8 38. Nd6 Rb4 39. Nxc8 Rxc4 40. Na7 Kf7
41. Nb5 Rc5 42. b7 1-0

[Event "World Rapid 2015"]
[Site "Berlin GER"]
[Date "2015.10.11"]
[Round "10.71"]
[White "Sanal, Vahap"]
[Black "Hirneise, Tobias"]
[Result "0-1"]
[WhiteElo "2501"]
[BlackElo "2457"]
[PlyCount "178"]
[EventDate "2015.10.10"]
[EventType "rapid"]

1. Nf3 c5 2. e4 d6 3. d4 cxd4 4. Nxd4 Nf6 5. Nc3 Nc6 6. Bg5 e6 7. Qd2 a6 8.
O-O-O Bd7 9. f3 Be7 10. g4 Ne5 11. Qg2 Qc7 12. h4 Rc8 13. Bxf6 Bxf6 14. g5 Be7
15. f4 Nc4 16. Bxc4 Qxc4 17. f5 b5 18. g6 hxg6 19. fxe6 Bxe6 20. Nd5 Bxd5 21.
exd5 Qxa2 22. Rhe1 Kf8 23. Qg4 Qa1+ 24. Kd2 Qa5+ 25. c3 Qc7 26. Nc6 Bf6 27. Ra1
Rxh4 28. Rh1 g5 29. Rxh4 gxh4 30. Rxa6 Re8 31. Qh5 g6 32. Qh7 Qc8 33. Ra7 Bg5+
34. Kc2 Qf5+ 35. Kb3 Qxd5+ 36. Ka3 Bf6 37. Nb4 Qe6 38. Nd3 Bg7 39. Qxh4 Qc4 40.
Qf2 Kg8 41. Qf3 Rf8 42. Nb4 Qc5 43. Ra6 Be5 44. Rc6 Qg1 45. Kb3 Qa1 46. Ra6 Qc1
47. Nd5 Kg7 48. Ra7 Qe1 49. Nc7 Kg8 50. Nd5 Qh4 51. Ne7+ Kg7 52. Nd5 Qc4+ 53.
Kc2 Qh4 54. Kb3 Qg3 55. Qf1 Qg4 56. Qxb5 Qf3 57. Nc7 Kg8 58. Nd5 Qd1+ 59. Ka2
Qf3 60. Qc4 Kg7 61. Nc7 Kg8 62. Nd5 Qf2 63. Rb7 Qe1 64. Nb6 Qh1 65. Ra7 Qf3 66.
Nd7 Re8 67. Kb3 Qd1+ 68. Ka2 Qf3 69. Kb3 Qf5 70. Qc6 Qe6+ 71. Ka3 Kg7 72. Nb6
Re7 73. Ra8 d5 74. Qc8 Qxc8 75. Rxc8 d4 76. c4 g5 77. Nd5 Ra7+ 78. Kb3 g4 79.
Re8 f6 80. Ne7 g3 81. Nf5+ Kg6 82. Nh4+ Kg5 83. Ng2 Rb7+ 84. Kc2 d3+ 85. Kxd3
Rxb2 86. Ne3 Kf4 87. Nd1 Rb3+ 88. Ke2 g2 89. Kf2 Rg3 0-1

[Event "World Rapid 2015"]
[Site "Berlin GER"]
[Date "2015.10.11"]
[Round "10.72"]
[White "Thiede, Lars"]
[Black "Ben Artzi, Ido"]
[Result "0-1"]
[WhiteElo "2437"]
[BlackElo "2419"]
[PlyCount "120"]
[EventDate "2015.10.10"]
[EventType "rapid"]

1. c4 g6 2. g3 Bg7 3. Bg2 c5 4. Nc3 Nc6 5. a3 d6 6. d3 e6 7. Nf3 Nge7 8. O-O
O-O 9. Bd2 b6 10. Rb1 Bb7 11. b4 Qd7 12. Re1 Ne5 13. Nxe5 Bxe5 14. Bxb7 Qxb7
15. bxc5 dxc5 16. Ne4 Qc6 17. Qb3 Nf5 18. Bc3 Bxc3 19. Qxc3 Nd4 20. Nd2 Rad8
21. e3 Nf3+ 22. Nxf3 Qxf3 23. Rb3 h5 24. Qe5 Rd7 25. Qf4 Qc6 26. Rc1 Rfd8 27.
Rcc3 Rd6 28. h4 R8d7 29. Qf6 a5 30. a4 Qxa4 31. Qf3 Ra7 32. Ra3 Qd7 33. Qe4 Qd8
34. Kf1 Qe7 35. Ke2 e5 36. Rc2 Qe6 37. f4 Qh3 38. fxe5 Re6 39. Qf4 Qg2+ 40. Kd1
Qg1+ 41. Kd2 Rd7 42. Kc3 Qd1 43. Qe4 Rxe5 44. Qxe5 Rxd3+ 45. Kb2 Rxa3 46. Kxa3
Qxc2 47. Qe8+ Kg7 48. Qe5+ Kh7 49. Qd5 Qc3+ 50. Ka2 Kg7 51. g4 a4 52. gxh5 a3
53. h6+ Kxh6 54. Qg5+ Kg7 55. Qg2 Qxc4+ 56. Kxa3 Qxh4 57. Qb2+ Qf6 58. Qd2 Qa1+
59. Kb3 Qb1+ 60. Kc4 Qb4+ 0-1

[Event "World Rapid 2015"]
[Site "Berlin GER"]
[Date "2015.10.11"]
[Round "10.73"]
[White "Carlstedt, Jonathan"]
[Black "Richter, Michael"]
[Result "1-0"]
[WhiteElo "2442"]
[BlackElo "2517"]
[PlyCount "89"]
[EventDate "2015.10.10"]
[EventType "rapid"]

1. c4 e5 2. g3 Nf6 3. Bg2 c6 4. d4 e4 5. d5 Bc5 6. e3 b5 7. Nc3 bxc4 8. Nxe4
Nxd5 9. Nxc5 Qa5+ 10. Bd2 Qxc5 11. Ne2 O-O 12. O-O a5 13. e4 Nb4 14. Be3 Qe7
15. Nc3 Ba6 16. Qh5 Nc2 17. Bc5 d6 18. Rac1 Nb4 19. Be3 Nd7 20. f4 Nd3 21. Rc2
Rfb8 22. Bd4 Bb7 23. Re2 c5 24. Nd5 Bxd5 25. exd5 Qf8 26. Bc3 Re8 27. Be4 g6
28. Qf3 Re7 29. Bxd3 cxd3 30. Rxe7 Qxe7 31. Qxd3 Re8 32. Re1 Qd8 33. Bxa5 Rxe1+
34. Bxe1 Qb6 35. Bc3 Qb7 36. a4 Qb3 37. a5 Qa2 38. Kf2 Qa4 39. Kf3 f5 40. Qe2
Nf8 41. Qe7 Qd1+ 42. Kf2 Qc2+ 43. Ke1 Qc1+ 44. Ke2 Qc2+ 45. Ke3 1-0

[Event "World Rapid 2015"]
[Site "Berlin GER"]
[Date "2015.10.11"]
[Round "10.74"]
[White "Zepeda, Lorena"]
[Black "Seel, Christian"]
[Result "0-1"]
[WhiteElo "2106"]
[BlackElo "2474"]
[PlyCount "54"]
[EventDate "2015.10.10"]
[EventType "rapid"]

1. e4 e5 2. Nf3 d6 3. Bc4 Nf6 4. Nc3 Be7 5. d4 exd4 6. Nxd4 O-O 7. O-O Re8 8.
Re1 Nbd7 9. a4 Ne5 10. Ba2 Bf8 11. h3 c6 12. Bg5 h6 13. Bh4 Ng6 14. Bg3 a5 15.
Nf5 Bxf5 16. exf5 Ne5 17. f4 Ned7 18. Bf2 Rxe1+ 19. Qxe1 d5 20. g4 Qc7 21. Ne2
Re8 22. c4 Ne4 23. cxd5 Nxf2 24. Kxf2 Qb6+ 25. Kf1 Qe3 26. Qf2 Qxh3+ 27. Kg1
Rxe2 0-1

[Event "World Rapid 2015"]
[Site "Berlin GER"]
[Date "2015.10.11"]
[Round "10.75"]
[White "Abel, Dennes"]
[Black "Petursson, Margeir"]
[Result "1-0"]
[WhiteElo "2441"]
[BlackElo "2520"]
[PlyCount "75"]
[EventDate "2015.10.10"]
[EventType "rapid"]

1. d4 d5 2. Nf3 Nf6 3. c4 c6 4. Nc3 dxc4 5. a4 Bf5 6. Ne5 Nbd7 7. Nxc4 Nb6 8.
Ne5 a5 9. h4 Nfd7 10. e4 Nxe5 11. exf5 Ned7 12. h5 e6 13. fxe6 Qe7 14. Be2 Qxe6
15. O-O Bb4 16. Bg4 Qf6 17. Re1+ Kf8 18. Ne4 Qd8 19. Bg5 Qc7 20. Qf3 Nd5 21.
Nc3 Bxc3 22. bxc3 h6 23. Bc1 N7f6 24. Bf5 Kg8 25. c4 Ne7 26. Bf4 Qd8 27. Bc2
Qd7 28. Be5 Nh7 29. Qg3 f6 30. Bf4 Ng5 31. Rad1 Rd8 32. d5 cxd5 33. cxd5 f5 34.
d6 Nc6 35. Rd5 Rf8 36. Bxg5 hxg5 37. Qxg5 Qf7 38. Rxf5 1-0

[Event "World Rapid 2015"]
[Site "Berlin GER"]
[Date "2015.10.11"]
[Round "10.76"]
[White "Cordeiro, Marco Aurelio Zaror"]
[Black "Thornton, Giovanni Antonio"]
[Result "0-1"]
[WhiteElo "2228"]
[BlackElo "2207"]
[PlyCount "66"]
[EventDate "2015.10.10"]
[EventType "rapid"]

1. e4 e6 2. d4 d5 3. Nd2 Nf6 4. e5 Nfd7 5. Bd3 c5 6. c3 Nc6 7. Ne2 cxd4 8. cxd4
f6 9. Nf4 Nxd4 10. Qh5+ Ke7 11. Ng6+ hxg6 12. exf6+ Nxf6 13. Qxh8 Kf7 14. O-O
e5 15. Nf3 Nxf3+ 16. gxf3 Bf5 17. Rd1 Qd7 18. Bf1 Nh5 19. Be3 Rd8 20. Qh7 Be7
21. Rac1 Qa4 22. b3 Qb4 23. Rc7 Nf6 24. Rxe7+ Qxe7 25. Qh4 d4 26. Bg5 d3 27.
Be3 b6 28. Qc4+ Qe6 29. Qa6 Qd7 30. a4 Qd5 31. Qxa7+ Rd7 32. Qxb6 Qxf3 33. Rd2
Be4 0-1

[Event "World Rapid 2015"]
[Site "Berlin GER"]
[Date "2015.10.11"]
[Round "10.77"]
[White "Rasmussen, Allan Stig"]
[Black "Lagunow, Raphael"]
[Result "1-0"]
[WhiteElo "2498"]
[BlackElo "2164"]
[PlyCount "128"]
[EventDate "2015.10.10"]
[EventType "rapid"]

1. c4 e5 2. Nc3 Nc6 3. Nf3 f5 4. g3 g6 5. d4 e4 6. Nh4 Bg7 7. Be3 Nf6 8. f3 d5
9. Ng2 dxc4 10. d5 Ne5 11. f4 Nf7 12. Qa4+ Qd7 13. Qxc4 Nd6 14. Qb3 b6 15. Bd4
Bb7 16. Rd1 O-O 17. Ne3 Kh8 18. Bh3 Rad8 19. O-O a6 20. a4 Qf7 21. Be5 Nd7 22.
Bxg7+ Qxg7 23. Nc2 Nc5 24. Qa2 a5 25. Nd4 Rfe8 26. e3 Ba6 27. Rf2 Bc4 28. Qa1
Nb3 29. Qa3 Nxd4 30. Rxd4 Bd3 31. Bf1 Bxf1 32. Kxf1 Nb7 33. Rc2 Nc5 34. Nb5 Rd7
35. b4 axb4 36. Qxb4 Ra8 37. Nc3 Qe7 38. Qb2 Nd3 39. Qb1 Ra5 40. Nb5 Nc5 41.
Rcc4 Qd8 42. Qd1 Nd3 43. Qa1 Kg8 44. Qc3 Nc5 45. Rd2 Rxd5 46. Rcd4 Rxd4 47.
Rxd4 Qe7 48. Qc4+ Kg7 49. Nc3 Qe6 50. Rd5 Ra8 51. Rxc5 Qxc4+ 52. Rxc4 c5 53.
Nd5 Rd8 54. Nxb6 Rd2 55. a5 Rxh2 56. a6 Ra2 57. Ra4 Rb2 58. a7 Rxb6 59. a8=Q
Kh6 60. Qd8 Rb1+ 61. Kg2 Rb2+ 62. Kh3 Rb7 63. Qf8+ Kh5 64. Qxc5 h6 1-0

[Event "World Rapid 2015"]
[Site "Berlin GER"]
[Date "2015.10.11"]
[Round "10.78"]
[White "Choukri, Adel"]
[Black "Camacho Collados, Jose"]
[Result "1-0"]
[WhiteElo "2199"]
[BlackElo "2383"]
[PlyCount "116"]
[EventDate "2015.10.10"]
[EventType "rapid"]

1. e4 c5 2. Nf3 Nc6 3. d4 cxd4 4. Nxd4 Nf6 5. Nc3 e6 6. Bc4 Bb4 7. f3 O-O 8.
Nxc6 bxc6 9. a3 Bc5 10. Bg5 Qb6 11. Rb1 Bd4 12. Qd2 Qc5 13. Bb3 Bxc3 14. bxc3
Ba6 15. Be3 Qh5 16. c4 d5 17. Qa5 Bc8 18. O-O dxe4 19. Qxh5 Nxh5 20. fxe4 Nf6
21. Ba4 Bd7 22. Rb7 Rfd8 23. e5 Ng4 24. Bg5 Bc8 25. Rbxf7 Nxe5 26. Rc7 Rd7 27.
Be7 Ng6 28. Rxd7 Bxd7 29. Bc5 Ne5 30. Rd1 Kf7 31. Bb3 a5 32. a4 Kg6 33. Rd6 Kf5
34. h3 Be8 35. Rd4 Bg6 36. Bd6 Nf7 37. Rf4+ Kg5 38. Rg4+ Kf6 39. Bc7 Bf5 40.
Rf4 g5 41. Rf2 Ke7 42. c5 h5 43. Bg3 Be4 44. Re2 Bd5 45. c4 h4 46. Bh2 Bxg2 47.
Kxg2 Rd8 48. Bc2 Rd4 49. Bg1 Rxc4 50. Bb3 Rb4 51. Rxe6+ Kd7 52. Re3 g4 53. Bxf7
gxh3+ 54. Kxh3 Rxa4 55. Be6+ Kd8 56. Bh2 Rd4 57. Bd6 Rd1 58. Rb3 Rh1+ 1-0